| 000 | 003360000a22001210004500 | ||
|---|---|---|---|
| 100 | 1 | _aWinter, Ralph D. | |
| 245 | 1 | 0 | _aFinishing the task : The unreached peoples challenge |
| 300 | _aVol.22, núm.3 (June, 2000), Páginas 22-26 | ||
| 500 | _aContinued on page 31 | ||
| 700 | 1 | _aKoch, Bruce | |
| 773 | 0 | _tMission Frontiers | |
| 942 | _cANA | ||
| 999 |
_c60363 _d60363 |
||